| 000 | 00571nam a2200217Ia 4500 | ||
|---|---|---|---|
| 003 | OSt | ||
| 005 | 20220928144649.0 | ||
| 006 | a|||||r|||| 00| 0 | ||
| 007 | ta | ||
| 008 | 220927b |||||||| |||| 00| 0 eng d | ||
| 024 | _a72763 | ||
| 037 | _cTextual | ||
| 040 |
_aSDCL _cSDCL _beng |
||
| 041 |
_2eng _aeng |
||
| 082 | _aX9(M16).3,k,K90, L5.1 | ||
| 100 |
_aCarter Harry _9508921 |
||
| 245 | 0 | _aHistory of the Oxford University Press.V1 | |
| 260 | _c1975 | ||
| 942 |
_hX9(M16).3,k,K90, L5.1 _cTEXL _2CC |
||
| 999 |
_c828746 _d828746 |
||